<?xml version="1.0" encoding="UTF-8"?><?xml-stylesheet type="text/xsl" href="static/style.xsl"?><OAI-PMH xmlns="http://www.openarchives.org/OAI/2.0/" xmlns:xsi="http://www.w3.org/2001/XMLSchema-instance" xsi:schemaLocation="http://www.openarchives.org/OAI/2.0/ http://www.openarchives.org/OAI/2.0/OAI-PMH.xsd"><responseDate>2026-04-17T00:55:00Z</responseDate><request verb="GetRecord" identifier="oai:www.recercat.cat:10459.1/71158" metadataPrefix="marc">https://recercat.cat/oai/request</request><GetRecord><record><header><identifier>oai:recercat.cat:10459.1/71158</identifier><datestamp>2024-12-05T22:39:45Z</datestamp><setSpec>com_2072_3622</setSpec><setSpec>col_2072_479130</setSpec></header><metadata><record xmlns="http://www.loc.gov/MARC21/slim" xmlns:dcterms="http://purl.org/dc/terms/" xmlns:xsi="http://www.w3.org/2001/XMLSchema-instance" xmlns:doc="http://www.lyncode.com/xoai" xsi:schemaLocation="http://www.loc.gov/MARC21/slim http://www.loc.gov/standards/marcxml/schema/MARC21slim.xsd">
   <leader>00925njm 22002777a 4500</leader>
   <datafield ind2=" " ind1=" " tag="042">
      <subfield code="a">dc</subfield>
   </datafield>
   <datafield ind2=" " ind1=" " tag="720">
      <subfield code="a">Feixa, Carles</subfield>
      <subfield code="e">author</subfield>
   </datafield>
   <datafield ind2=" " ind1=" " tag="260">
      <subfield code="c">2021-04-26T16:56:10Z</subfield>
   </datafield>
   <datafield ind2=" " ind1=" " tag="260">
      <subfield code="c">2021-04-26T16:56:10Z</subfield>
   </datafield>
   <datafield ind2=" " ind1=" " tag="260">
      <subfield code="c">2011</subfield>
   </datafield>
   <datafield ind2=" " ind1=" " tag="520">
      <subfield code="a">Niños y jóvenes han sido vistos a menudo como la vanguardia de la era digital, en su doble vertiente de héroes de la sociedad red y víctimas de la sociedad del riesgo. Aunque casi siempre este doble proceso de idealización/satanización ha tenido lugar en el espacio público, el privado adquiere cada vez mayor importancia entre las culturas adolescentes del siglo XXI. Las denominadas "culturas de habitación"  representan uno de los escenarios donde se construye la identidad personal y social de nuestros hijos e hijas, el lugar físico y virtual desde el cual se abren al mundo o se encierran en sí mismos. El artículo pretende reflexionar sobre el papel cambiante de los hijos en casa, a partir de dos modelos extremos: el hacker (profeta de la sociedad digital) y el hikikomori (víctima de la reclusión doméstica), para a continuación presentar algunos datos basados en una reciente investigación llevada a cabo en Cataluña.</subfield>
   </datafield>
   <datafield ind2=" " ind1=" " tag="520">
      <subfield code="a">Children and youth have been seen as pioneers of the Digital Era, the heroes of network society or the victims of risk society. Even if this double-sided process of idealization and satanization has been placed in the public space, the private space aquires more and more importance within teenage cultures of the 21st century. The so called 'room cultures' draw today one of the scenarios where the personal and social teenagers"™ identity is built; the physical and virtual space from where they open to the world or they enclose within themselves. The article recalls reflection about the changing paper of family sons at home, from two extreme models: the "˜hacker"™ (the prophet of the digital society) and the "˜hikikomori"™ (the victim of the domestic isolation). We will illustrate this models with some data collected from a recent research in Catalonia.</subfield>
   </datafield>
   <datafield ind1="8" ind2=" " tag="024">
      <subfield code="a">http://hdl.handle.net/10459.1/71158</subfield>
   </datafield>
   <datafield tag="653" ind2=" " ind1=" ">
      <subfield code="a">Adolescencia</subfield>
   </datafield>
   <datafield tag="653" ind2=" " ind1=" ">
      <subfield code="a">Culturas de habitación</subfield>
   </datafield>
   <datafield tag="653" ind2=" " ind1=" ">
      <subfield code="a">Hackers</subfield>
   </datafield>
   <datafield tag="653" ind2=" " ind1=" ">
      <subfield code="a">Hikikomoris</subfield>
   </datafield>
   <datafield tag="653" ind2=" " ind1=" ">
      <subfield code="a">Generación red</subfield>
   </datafield>
   <datafield tag="653" ind2=" " ind1=" ">
      <subfield code="a">Adolescence</subfield>
   </datafield>
   <datafield tag="653" ind2=" " ind1=" ">
      <subfield code="a">Room cultures</subfield>
   </datafield>
   <datafield tag="653" ind2=" " ind1=" ">
      <subfield code="a">Hackers</subfield>
   </datafield>
   <datafield tag="653" ind2=" " ind1=" ">
      <subfield code="a">Hikikomoris</subfield>
   </datafield>
   <datafield tag="653" ind2=" " ind1=" ">
      <subfield code="a">Net generation</subfield>
   </datafield>
   <datafield ind2="0" ind1="0" tag="245">
      <subfield code="a">Los hijos en casa: “¿hackers o hikikomoris?”</subfield>
   </datafield>
</record></metadata></record></GetRecord></OAI-PMH>